| 000 | 00617nam a2200181 4500 | ||
|---|---|---|---|
| 001 | 144154 | ||
| 003 | ES-MaACL | ||
| 005 | 20230906200945.0 | ||
| 007 | t| | ||
| 008 | 070214q1981 sp r ||||1| spa d | ||
| 111 | 2 |
_aSimposium sobre Metodología de la Historia de las Ciencias ( _d1981. _cMadrid) _9135230 |
|
| 245 | 1 | 0 | _aI Simposium sobre Metodología de la Historia de las Ciencias. |
| 260 |
_aMadrid : _bUniversidad Complutense, _c[1981?] |
||
| 300 |
_aV, 264 p. ; _c30 cm. |
||
| 500 | _aEjemplar de multicopista. | ||
| 710 | 2 |
_aUniversidad Complutense de Madrid. _97098 |
|
| 852 |
_aES-MaACL _jL-3777 _bR.102533 |
||
| 999 |
_c144154 _d144154 |
||